000
00310nam a2200133Ia 4500
008
221030s9999 xx 000 0 und d
041
_a
English
082
_a
105.23
100
_a
W. H. Inmon
245
0
_a
Developing Client / Server Applications
_c
by W. H. Inmon
260
_c
0
650
_a
B
942
_c
BK
999
_c
12262
_d
12262